000 00566nam a2200205Ia 4500
003 GCL
008 140319s9999 xx 000 0 ara d
040 _aGCL /
_cGCL
082 0 4 _aط
_b813.876
_bك ق
100 1 _aكامل كيلانى
245 1 0 _aالصديقتان /
_cكامل كيلانى
260 _a[S.N] :
_bدار المعارف ،
_c1992
300 _a135 ص
490 _aقصص علمية
_v0
650 0 4 _aالاطفال
650 0 4 _aالقصص
650 0 4 _aقصص الاطفال
650 0 4 _aالقصص العلمية
942 _2ddc
_cBK
999 _c56445
_d56445